000
00243nam a2200097Ia 4500
001
653803
005
20250826154505.0
008
250824s9999 xx 000 0 und d
245
0
_a
GARAJDAKİ GİZ
_c
DAVİD ALMOND
260
_b
GÜNIŞIĞI YAYINLARI
999
_c
653803
_d
653803